Представление документа в формате RUSMARC

ПолеНазваниеЗначение
  Тип записи a
  Библиографический уровень m
001 Контрольный номер RU/SLIB/B/208744568
005 Дата корректировки 20231221114002.5
010 Индекс ISBN __
d Цена 0-55
101 Язык документа 0_
a Язык текста rus
200 Заглавие и сведения об ответственности 1_
a Заглавие Общая электротехника с основами электроники. Электротехника
e Сведения, относящиеся к заглавию програм. учеб. пособие
f Первые сведения об ответственности Данилов И. А., Иванов П. М.
b Общее обозначение материала Текст
210 Выходные данные 1_
a Место издания М.
c Издательство Высш. шк.
d Дата издания 1983
215 Физическое описание __
a Объем 198 с.
c Иллюстрации/тип воспроизводства ил.
517 Другие варианты заглавия 1_
a Другие варианты заглавия Электротехника
606 Тематические рубрики __
a Основная рубрика Энергетика
606 Тематические рубрики __
a Основная рубрика Электротехника в целом
610 Ключевые слова 0_
a Ключевые слова общая электротехника; электрическое поле; постоянный ток; переменный ток; электромагнетизм; электроприборы; электротехника
686 Индексы других классификаций __
a Классификационный индекс 31.2я723; ст31.2я7
700 Автор _1
a Фамилия Данилов
b Имя И. А.
4 Код отношения 070
702 Вторичная интеллектуальная ответственность _1
a Фамилия Иванов
b Имя П. М.
4 Код отношения Автор
801 Источник записи _0
a Страна RU
b Организация Муниципальное бюджетное учреждение культуры "Централизованная библиотечная система" г. Сургут (Центральная городская библиотека им. А. С. Пушкина)
g Правила каталогизации КиК/Уланова
801 Источник записи _1
a Страна RU
b Организация Муниципальное бюджетное учреждение культуры "Централизованная библиотечная система" г. Сургут (Центральная городская библиотека им. А. С. Пушкина)
g Правила каталогизации КиК/Уланова
852 Данные о местонахождении __
j Шифр хранения 31.2я723
c Каталожный индекс 31.2я723
i Авторский знак Д 18
p Инвентарный номер 15960
901 Тип документа __
t Тип документа m
969 Тип издания __
a Тип издания учебное пособие
990 Данные о заказе (DOS) __
j Количество экземпляров (DOS) 1
t N записи в КСУ для И/У (DOS) 199101